000 00672nam a22001937a 4500
005 20140307113144.0
010 _aENG-109005-06
020 _a9789351430018(set)
_c2750.00(set of 2 vols.)
020 _a9789351430513
_c2750.00(set of 2 vols.)
020 _a9789351430520
_c2750.00(set of 2 vols.)
035 _aEN-92538-39
037 _bDBAD/PUB
082 _a338.520954
245 _aTransfer pricing :
_bcase digest
260 _aGurgaon
_bLexis Nexis
_c2014
270 _a14th floor, Building No 10, Tower-B, DLF Cyber City, Phase-ll,
_bGurgaon
_e122002
300 _a2V.(1154p. ; xliv,1155-1968p.)
_c25cm(Hb)
942 _2ddc
_cEN
_mTRA
_h338.520954
999 _c81472
_d81472